Zainteresované skupiny - stakeholders

Definícia a hlavné kategórie stakeholders. Klasifikácia zainteresovaných skupín. Spoluúčasť zainteresovaných skupín.Úrovne zainteresovaných skupín. Analýza zainteresovaných skupín. Problémy v partnerstve a ich riešenie.

Na minha lista:
Detalhes bibliográficos
Autor principal: Jakábová, Martina
Formato: Capítulo de Livro
Idioma:eslovaco
Assuntos:
Tags: Adicionar Tag
Sem tags, seja o primeiro a adicionar uma tag!

MARC

LEADER 00000naa$a2200000$$$4500
001 0052268
005 20231013084240.9
041 0 |a slo 
044 |a SK 
245 1 0 |a Zainteresované skupiny - stakeholders  |c Martina Jakábová 
520 |a Definícia a hlavné kategórie stakeholders. Klasifikácia zainteresovaných skupín. Spoluúčasť zainteresovaných skupín.Úrovne zainteresovaných skupín. Analýza zainteresovaných skupín. Problémy v partnerstve a ich riešenie. 
610 2 0 |a plánovanie projektové 
610 2 0 |a projekty 
610 2 0 |a skupiny záujmové 
610 2 0 |a riadenie projektové 
610 2 0 |a manažment 
610 2 0 |a manažéri 
100 1 |a Jakábová, Martina